Montpellier Goalkeeper By Year - Statistics

General Stats
  • This quiz has been taken 83 times
    22 since last reset
  • The average score is 15 of 36
Answer Stats
Season Goalkeeper % Correct
2024-25 Benjamin Lecomte
85%
2023-24 Benjamin Lecomte
85%
2022-23 Benjamin Lecomte
85%
2018-19 Benjamin Lecomte
85%
2017-18 Benjamin Lecomte
85%
2014-15 Geoffrey Jourdren
85%
2013-14 Geoffrey Jourdren
85%
2012-13 Geoffrey Jourdren
85%
2011-12 Geoffrey Jourdren
85%
2010-11 Geoffrey Jourdren
85%
2009-10 Geoffrey Jourdren
85%
2019-20 Gerónimo Rulli
60%
2021-22 Jonas Omlin
60%
2020-21 Jonas Omlin
60%
2016-17 Laurent Pionnier
40%
2015-16 Laurent Pionnier
40%
1997-98 Bruno Martini
25%
1996-97 Bruno Martini
25%
1995-96 Bruno Martini
25%
2003-04 Rudy Riou
20%
2002-03 Rudy Riou
20%
2001-02 Rudy Riou
20%
1999-00 Rudy Riou
20%
1989-90 Albert Rust
15%
1988-89 Albert Rust
15%
1987-88 Albert Rust
15%
1994-95 Claude Barrabé
15%
1993-94 Claude Barrabé
15%
1992-93 Claude Barrabé
15%
1991-92 Claude Barrabé
15%
1990-91 Claude Barrabé
15%
1962-63 Claude Mallet
15%
1961-62 Claude Mallet
15%
1981-82 Guy Formici
15%
1952-53 Roland Amar
15%
1998-99 Stéphane Cassard
15%
No matching quizzes found
Score Distribution
Percent of People with Each Score
Percentile by Number Answered
Your Score History
You have not taken this quiz since the last reset